Music Quiz

Random Music or Billboard Quiz
Score 0/25 Timer 10:00
1 Play Today
Can you name one of two... Answer % Correct
Madonna #1 song titles that begins with 'Like A...'Like A Virgin / Like A Prayer
90.6%
Acts to have a #1 song titled 'Jump'Van Halen / Kris Kross
78.8%
US States named in at least 2 #1 song titlesCalifornia (2: CA Gurls, Hotel CA) / Georgia (3: Midnight Train to GA, The Night The Lights Went Out In GA, GA on My Mind)
78.3%
Male partners to duet with Paul McCartney on a #1 singleStevie Wonder (Ebony and Ivory) / Michael Jackson (Say Say Say)
77.1%
Bands to reach #1 named after one of the 25 most populous US citiesBoston / Chicago
75.4%
Three-letter #1 song titles by Michael Jackson as a solo actBen / Bad
74%
Songs by Elton John that reached #1
at least 15 years after he originally recorded and released it
Don't Let The Sun Go Down On Me / Candle In The Wind
72.1%
Three-word #1 song titles where the last word is 'Glass'
(Hint: Both acts' names are associated with the singer's hair color.)
Raise Your Glass (P!nk) / Heart of Glass (Blondie)
69%
Eight-letter one-word #1 song titles by RihannaUmbrella / Diamonds
60.4%
Oscar-winning actresses to have more than one #1 songBarbra Streisand / Cher
51.6%
Last names of a father and daughter who both had solo #1 singlesPat Boone & Debby Boone / Frank Sinatra & Nancy Sinatra
45.9%
Acts reaching #1 whose name has an equal number
of alphabetic and numeric characters
U2 / UB40
45.7%
One-word #1 song titles that start with the letter 'V'Vogue (Madonna) / Venus (Frankie Avalon or Shocking Blue or Bananarama)
42.6%
Can you name one of two... Answer % Correct
Acts who had a #1 title that included the word 'Tambourine'The Byrds (Mr. Tambourine Man) / The Lemon Pipers (Green Tambourine)
42.4%
Bee Gees #1 songs whose title was a questionHow Deep Is Your Love / How Can You Mend A Broken Heart
39.1%
Male singers to have a #1 duet with Jennifer WarnesBill Medley ((I've Had) The Time of My Life) / Joe Cocker (Up Where We Belong)
38.4%
#1 songs by Prince whose title is also a band in the Rock and Roll Hall of FameCream / Kiss
37.9%
#1 song titles that begin with 'Boogie...'Boogie Oogie Oogie (A Taste of Honey) / Boogie Fever (The Sylvers)
37.6%
Singers to have a two-word #1 song title ending in 'Velvet'Alannah Myles (Black Velvet) / Bobby Vinton (Blue Velvet)
36.8%
Band to reach #1 whose name includes a planet in our solar system
(Note: Bruno Mars is NOT a band.)
Manfred Mann's Earth Band / Earth, Wind and Fire
36.3%
Singers to have a #1 title that started with 'Thank God...'Mariah Carey (Thank God I Found You) / John Denver (Thank God I'm a Country Boy)
35.7%
#1 songs to contain a 4-digit year in the main titleDecember 1963 (Oh What A Night) (The Four Seasons) / In the Year 2525 (Zager & Evans)
27.9%
All-male groups to reach #1 whose name, taken literally, is by definition femaleQueen / Barenaked Ladies
26.6%
US TV shows whose instrumental theme went to #1S.W.A.T. (Rhythm Heritage) / Miami Vice (Jan Hammer)
24.3%
Finalists (in the top three) from an Idol or X Factor TV series
NOT produced in the US to have a US #1
Leona Lewis (The X Factor UK) / Carly Rae Jepsen (Canadian Idol)
22.2%
Remove Ads.
Support Sporcle.
Get the best of Sporcle when you Go Orange. This ad-free experience offers more features, more stats, and more fun while also helping to support Sporcle. Thank you for becoming a member.

You're not logged in!

Compare scores with friends on all Sporcle quizzes.
OR
Log In

Show Comments

Extras

Top Quizzes Today


Score Distribution

Your Account Isn't Verified!

In order to create a playlist on Sporcle, you need to verify the email address you used during registration. Go to your Sporcle Settings to finish the process.

Report this User

Report this user for behavior that violates our Community Guidelines.

Details: